000 00976nam a2200253Ia 4500
003 GCL
008 140319s9999 xx 000 0 ara d
040 _aGCL /
_cGCL
082 0 4 _aق
_b346.04
_b
_bع ك
100 1 _aعاصم الدسوقى
245 1 0 _aكبار ملاك الاراضى الزراعية ودورهم فى المجتمع المصرى ( 1914 - 1952 ) /
_cعاصم الدسوقى
300 _a342 ص
490 _aالهيئة العامة للاستعلامات
_v0
650 0 4 _aالعمل والعمال
650 0 4 _aالاصلاح الزراعى - مصر
650 0 4 _aالقانون الزراعى - مصر
650 0 4 _aالزراعة - قوانين وتشريعات
650 0 4 _aملكية الاراضى - مصر
650 0 4 _aالاراضى الزراعية - مصر
650 0 4 _aملكية الاراضى - عقود
650 0 4 _aالملكية الخاصة - مصر
650 0 4 _aالملاك الزراعيين
942 _2ddc
_cBK
999 _c50798
_d50798